Pracovné právo

Gespeichert in:
Bibliographische Detailangaben
1. Verfasser: Schultz, Ivan
Körperschaft: Vysoká škola ekonomická v Bratislave. Obchodná fakulta
Weitere Verfasser: Šebestová, Oľga
Format: Buch
Sprache:Slowakisch
Veröffentlicht: Bratislava VŠE 1990
Ausgabe:1. vyd.
Tags: Tag hinzufügen
Keine Tags, Fügen Sie das erste Tag hinzu!

MARC

LEADER 00000nam a2200000 4500
001 c034800
005 20230116121514.7
041 0 |a slo 
044 |a SK 
245 1 0 |a Pracovné právo  |c Ivan Schultz, Oľga Šebestová 
250 |a 1. vyd. 
264 1 |a Bratislava  |b VŠE  |c 1990 
300 |a 147 s. 
100 1 |a Schultz, Ivan 
700 1 |a Šebestová, Oľga 
710 2 |a Vysoká škola ekonomická v Bratislave. Obchodná fakulta